00321 a2200121 450000500170000002000220001708200120003910000140005124500440006525000120010926000390012130000390016020250625130245.0 a978-0-07-282087-4 a425 LAN aLANGAN, J aSentence Skills: A workbook for Writers a7th Ed. aBoston bMcGraw-Hill Irwin c2004. axviii,598p.bAppendix, Indexc22cm